Giải bài toán số học lớp 5-6 như thế nào? Dùng cho giáo viên cấp 2

Salvato in:
Dettagli Bibliografici
Natura: Libro
Lingua:Undetermined
Soggetti:
Tags: Aggiungi Tag
Nessun Tag, puoi essere il primo ad aggiungerne! !
Thư viện lưu trữ: Trung tâm Học liệu Trường Đại học Cần Thơ
LEADER 00419nam a2200121Ia 4500
001 CTU_1514
008 210402s9999 xx 000 0 und d
082 |a 510 
082 |b Gi103 
245 0 |a Giải bài toán số học lớp 5-6 như thế nào? 
245 0 |b Dùng cho giáo viên cấp 2 
650 |a mathematics - study and teaching ( primary ) 
980 |a Trung tâm Học liệu Trường Đại học Cần Thơ